书目信息 |
| 题名: |
中外古典艺术鉴赏辞典
|
|
| 作者: | 成敏 , 王勇 主编 | |
| 分册: | ||
| 出版信息: | 北京 学苑出版社 1989.03 |
|
| 页数: | 733页 | |
| 开本: | 19cm | |
| 丛书名: | ||
| 单 册: | ||
| 中图分类: | J-61 | |
| 科图分类: | ||
| 主题词: | 艺术--词典 | |
| 电子资源: | ||
| ISBN: | 7-80060-009-2 | |
| 000 | 00599nam0 2200205 45 | |
| 001 | 0504271655 | |
| 005 | 20050428154027.2 | |
| 010 | @a7-80060-009-2@dCNY17.50 | |
| 100 | @a20050427d1989 km y0chiy0120 ea | |
| 101 | 0 | @achi |
| 105 | @a z 000yy | |
| 200 | 1 | @a中外古典艺术鉴赏辞典@AZhong Wai Gu Dian Yi Shu Jian Shang Ci Dian@f成敏,王勇主编@FCheng Min,Wang Yong Zhu Bian |
| 210 | @a北京@c学苑出版社@d1989.03 | |
| 215 | @a733页@d19cm | |
| 606 | 0 | @a艺术@x词典 |
| 690 | @aJ-61@v3 | |
| 701 | 0 | @a成敏@4主编 |
| 701 | 0 | @a王勇@4主编 |
| 801 | @aCN@bTSTCL@c20050427 | |
| 905 | @dJ-61@e12@f2@b226478-479 | |
| 中外古典艺术鉴赏辞典/成敏,王勇主编.-北京:学苑出版社,1989.03 |
| 733页;19cm |
| ISBN 7-80060-009-2:CNY17.50 |
| ● |
| 相关链接 |
|
|
|
|
正题名:中外古典艺术鉴赏辞典
索取号:J-61/12
 
预约/预借
| 序号 | 登录号 | 条形码 | 馆藏地/架位号 | 状态 | 备注 |
| 1 | 0226478 | 002001960 | 密集书库/ [索取号:J-61/12] | 在馆 | |
| 2 | 0226479 | 000697268 | 工具书阅览室/ [索取号:J-61/12] | 在馆 | |
| 3 | 0226480 | 202119821 | 第一样本阅览室/ [索取号:J-61/12] | 在馆 |